[Event "Challenge"]
[Site "http://www.queenalice.com/game.php?id=1853656"]
[Date "2025.3.10"]
[Round "-"]
[White "jogo"]
[Black "Richardlim"]
[Result "1-0"]
[WhiteElo "1880"]
[BlackElo "2056"]

1. e4 c5 2. Nf3 d6 3. d4 cxd4 4. Nxd4 Nf6 5. Nc3 a6 6. h3 b5 7. a3 e5 8. Nf5
Bxf5 9. exf5 Nbd7 10. g4 h6 11. Bg2 Rb8 12. g5 hxg5 13. Bxg5 Be7 14. Bc6 Rb6 15.
Bg2 g6 16. fxg6 fxg6 17. Qe2 Rh5 18. h4 Kf7 19. Nd5 Nxd5 20. Bxd5+ Kg7 21. Be3
Rb8 22. O-O-O a5 23. Rdg1 Nf8 24. Qxh5 b4 25. Qh6+ Kf6 26. Qh8+ Kf5 27. Rg5+
Bxg5 28. Bxg5 Qc7 29. Qf6+ 1-0

[Event "Challenge"]
[Site "http://www.queenalice.com/game.php?id=1853657"]
[Date "2025.3.10"]
[Round "-"]
[White "Richardlim"]
[Black "jogo"]
[Result "0-1"]
[WhiteElo "1998"]
[BlackElo "1811"]

1. c4 e5 2. Nc3 Nf6 3. g3 c6 4. d3 Bb4 5. Bd2 d5 6. Bg2 O-O 7. a3 Bc5 8. h3 dxc4
9. dxc4 Qb6 10. Ne4 Nxe4 11. Bxe4 Bxf2+ 12. Kf1 Bxg3 13. e3 f5 14. Bc2 f4 15.
Qf3 Qxb2 16. Bxh7+ Kxh7 17. Rd1 Qxa3 18. exf4 Qxf3+ 19. Nxf3 Bxf4 20. Bxf4 Rxf4
21. Kg2 e4 22. Ng5+ Kg6 23. h4 Kh5 24. Rd8 Na6 25. Rh8+ Kg6 26. Kg3 Rg4+ 27. Kf2
b5 28. cxb5 cxb5 29. Rc1 Bb7 30. Rxa8 Bxa8 31. Rg1 Rxg1 32. Kxg1 Kf5 33. Kg2 Kg4
34. Ne6 e3+ 35. Kf1 Bf3 36. Nxg7 b4 37. h5 Kg5 38. h6 Kxh6 39. Nf5+ Kg5 40. Nxe3
Kf4 41. Nc2 Bd1 42. Nd4 Ke4 43. Nc6 b3 44. Ke1 b2 45. Kxd1 b1=Q+ 46. Kd2 Qd3+
47. Ke1 Qc3+ 48. Ke2 Qxc6 49. Kf2 Nb4 50. Kg3 Qc3+ 51. Kg4 Qf3+ 52. Kg5 a5 53.
Kg6 a4 54. Kg5 a3 55. Kg6 a2 56. Kg5 a1=Q 57. Kg6 Qff6+ 58. Kh5 Qd1# 0-1

[Event "Challenge"]
[Site "http://www.queenalice.com/game.php?id=1857863"]
[Date "2025.5.25"]
[Round "-"]
[White "jogo"]
[Black "Richardlim"]
[Result "1-0"]
[WhiteElo "1978"]
[BlackElo "1883"]

1. e4 c5 2. Nf3 d6 3. h3 Nc6 4. d4 cxd4 5. Nxd4 e5 6. Nf3 Nf6 7. Nc3 Be7 8. Be3
O-O 9. a3 Be6 10. g4 Qa5 11. b4 Qc7 12. Nb5 1-0

[Event "Challenge"]
[Site "http://www.queenalice.com/game.php?id=1857864"]
[Date "2025.5.25"]
[Round "-"]
[White "Richardlim"]
[Black "jogo"]
[Result "0-1"]
[WhiteElo "1900"]
[BlackElo "1869"]

1. c4 e5 2. Nc3 Nf6 3. d3 c5 4. Nf3 Nc6 5. Bg5 Be7 6. g3 O-O 7. Bg2 Re8 8. O-O
a6 9. a3 h6 10. Bxf6 Bxf6 11. Ne4 Be7 12. Qd2 d5 13. cxd5 Qxd5 14. Nc3 Qd8 0-1

[Event "AUTO-OPEN-4601"]
[Site "http://www.queenalice.com/game.php?id=1859352"]
[Date "2025.7.3"]
[Round "1"]
[White "Richardlim"]
[Black "australia"]
[Result "0-1"]
[WhiteElo "1888"]
[BlackElo "1770"]

1. c4 e6 2. d4 Bb4+ 3. Bd2 Be7 4. e4 Nc6 5. Nf3 h6 6. Nc3 Nf6 7. Be2 Bb4 8. Bd3
d6 9. O-O Ne7 10. Re1 Qd7 11. Qc1 Ng6 12. Ne2 Bxd2 13. Qxd2 O-O 14. Red1 Qe7 15.
b3 e5 16. d5 Nf4 17. Nxf4 Bg4 18. Ne2 Bxf3 19. gxf3 Qd7 20. Ng3 a6 21. Kg2 Kh8
22. Rg1 Rab8 23. Be2 Rg8 0-1

[Event "AUTO-OPEN-4601"]
[Site "http://www.queenalice.com/game.php?id=1859353"]
[Date "2025.7.3"]
[Round "1"]
[White "australia"]
[Black "Richardlim"]
[Result "1-0"]
[WhiteElo "1748"]
[BlackElo "1910"]

1. a3 e5 2. h3 d5 3. d3 Nf6 4. Bg5 Nbd7 5. Nc3 Be7 6. Bxf6 Nxf6 7. Qd2 Bd6 8. e4
d4 9. Nd5 Nxd5 10. exd5 Be7 11. O-O-O Bg5 12. Nf3 Bxd2+ 13. Nxd2 Qxd5 14. Nb3
O-O 15. Rg1 Bd7 16. Kd2 Ba4 17. Na1 c5 18. b3 Bc6 19. Kc1 b5 20. Be2 Qe6 21. Bg4
f5 22. Be2 e4 23. Rde1 e3 24. f3 f4 25. Kb1 1-0